[Event "Sardinia World Open A"]
[Site "Orosei ITA"]
[Date "2025.05.03"]
[Round "9.33"]
[White "Markuszewski, Maksymilian"]
[Black "Wecker, Martin"]
[Result "1/2-1/2"]
[WhiteElo "2147"]
[BlackElo "2035"]
[WhiteFideId "651018306"]
[BlackFideId "12931462"]
[EventDate "2025.04.27"]

1. d4 Nf6 2. c4 e6 3. Nf3 d5 4. Nc3 dxc4 5. e4 b5 6. e5 Nd5 7. Nxb5 Nb6 8. Be2
Nc6 9. O-O Be7 10. Be3 O-O 11. Qc1 Rb8 12. Nc3 Bb7 13. Rd1 Nb4 14. a3 Nd3 15.
Qc2 Nd5 16. Bxd3 cxd3 17. Rxd3 Nxe3 18. fxe3 a5 19. Rd2 Qd7 20. Ne4 Bxe4 21.
Qxe4 Qb5 22. Rc1 Rfc8 23. Qc6 h6 24. d5 exd5 25. e6 Qxc6 26. exf7+ Kxf7 27. Rxc6
Bf6 28. Nd4 Rb7 29. Rdc2 Kg8 30. Nf5 Re8 31. Nxh6+ Kh7 32. Ng4 Bxb2 33. Rxc7
Rxc7 34. Rxc7 Kg8 35. Rd7 1/2-1/2

[Event "Sardinia World Open A"]
[Site "Orosei ITA"]
[Date "2025.05.03"]
[Round "9.34"]
[White "Voiteanu, Gabriel"]
[Black "Verga, Francesco"]
[Result "1/2-1/2"]
[WhiteTitle "FM"]
[WhiteElo "2143"]
[BlackElo "1982"]
[WhiteFideId "1208810"]
[BlackFideId "28500598"]
[EventDate "2025.04.27"]

1. d4 Nf6 2. c4 e6 3. g3 Bb4+ 4. Bd2 a5 5. Bg2 d5 6. Nf3 O-O 7. O-O c6 8. Qc2
Bd6 9. Nc3 dxc4 10. e4 Be7 11. e5 Nd5 12. Ne4 b5 13. b3 Na6 14. Neg5 g6 15. bxc4
bxc4 16. Qe4 Kg7 17. h4 c3 18. Bc1 h6 19. Nh3 c5 20. Nf4 Bb7 21. Nxd5 Bxd5 22.
Qe3 Rh8 23. dxc5 Bxc5 24. Qxc3 Qb6 25. Bd2 Bb4 26. Qb2 Qb7 27. Ne1 Bxg2 28. Nxg2
Qf3 29. Rad1 Rad8 30. Qc1 Bxd2 31. Rxd2 Rxd2 32. Qxd2 Nb4 33. Re1 Rc8 34. Ne3 h5
35. a3 Nd5 36. Nxd5 Qxd5 37. Qxd5 exd5 38. Rd1 Rc3 39. a4 Rc4 40. Rxd5 Rxa4 41.
Rd7 Re4 42. Rd5 a4 43. Ra5 Kf8 44. f3 Re1+ 45. Kf2 Ra1 46. Ra7 a3 47. Ke3 a2 48.
Kf4 Kg8 49. Kg5 Rf1 50. Rxa2 Rxf3 51. Kh6 Kf8 52. e6 Rxg3 53. Ra8+ Ke7 54. exf7
Kxf7 55. Ra6 Rg4 56. Rb6 Rxh4 57. Rxg6 Rh1 58. Rg7+ Kf8 59. Ra7 h4 60. Kg5 h3 1/2-1/2

[Event "Sardinia World Open A"]
[Site "Orosei ITA"]
[Date "2025.05.03"]
[Round "9.35"]
[White "Alaime, Maxime"]
[Black "Marzano, Carlo"]
[Result "0-1"]
[WhiteElo "2029"]
[BlackElo "2131"]
[WhiteFideId "36045403"]
[BlackFideId "802980"]
[EventDate "2025.04.27"]

1. Nf3 d5 2. g3 Nf6 3. Bg2 c6 4. O-O Bg4 5. d3 Nbd7 6. h3 Bh5 7. Qe1 e5 8. e4
dxe4 9. dxe4 Bc5 10. Nc3 O-O 11. Nh4 Re8 12. Nf5 Qc7 13. Ne2 a5 14. Bd2 Nf8 15.
Nc1 Ne6 16. Nb3 Bb6 17. a4 Nc5 18. Nxc5 Bxc5 19. Be3 Nd7 20. Bxc5 Nxc5 21. Qc3
b6 22. b3 f6 23. Rfe1 Rad8 24. Bf1 Bf7 25. Qf3 Rd2 26. Rad1 Red8 27. Ne3 Rxd1
28. Rxd1 Rxd1 29. Nxd1 Qd7 30. Ne3 Kf8 31. Bc4 Qxh3 32. Bxf7 Kxf7 33. Nc4 Nd7
34. Qe3 c5 35. Qd3 Qe6 36. Nd6+ Kf8 37. Nf5 g6 38. Ne3 Kg7 39. Qa6 f5 40. Qb7
Kh6 41. exf5 gxf5 42. Nc4 f4 43. Qh1+ Kg7 44. Qh4 fxg3 45. Qg5+ Kf7 46. Qh5+ Qg6
47. Qf3+ Ke7 48. fxg3 Qxc2 49. Qe3 Qf5 50. Kh2 h5 51. Qh6 Qc2+ 52. Kh3 Qxb3 53.
Qd6+ Ke8 54. Nxe5 Nxe5 55. Qxe5+ Kd7 56. Qg7+ Kd6 57. Qf8+ Ke5 58. Qh8+ Ke4 59.
Qxh5 c4 60. Qe8+ Kd3 61. Qd7+ Kc2 62. Qf5+ Kb2 63. Qf2+ Ka3 64. Qf8+ Kxa4 65.
Kh4 c3 66. g4 c2 67. Qf4+ Ka3 68. g5 Qb4 0-1

[Event "Sardinia World Open A"]
[Site "Orosei ITA"]
[Date "2025.05.03"]
[Round "9.36"]
[White "Floris, Federico"]
[Black "Catanzaro, Claudio"]
[Result "1-0"]
[WhiteElo "2096"]
[BlackElo "1973"]
[WhiteFideId "898287"]
[BlackFideId "28552024"]
[EventDate "2025.04.27"]

1. e4 c5 2. Nf3 d6 3. d4 cxd4 4. Nxd4 Nf6 5. Nc3 Nc6 6. Bg5 e6 7. Qd3 Bd7 8.
O-O-O a6 9. f4 Be7 10. Nf3 Qa5 11. Kb1 Rc8 12. Bxf6 gxf6 13. Qe3 Qc5 14. Qe1 Kd8
15. Na4 Qa7 16. c4 Kc7 17. Nc3 Be8 18. h4 h5 19. Rh3 Kb8 20. Nd2 Ka8 21. Nb3 Bd8
22. Rf3 Qb8 23. Be2 Na5 24. Nxa5 Bxa5 25. f5 Bd8 26. Qd2 Be7 27. Qd4 Qa7 28. Qd2
Qc5 29. a3 Qe5 30. Qd4 Qxd4 31. Rxd4 Bd7 32. Kc2 Kb8 33. b4 Kc7 34. Kb3 Rcg8 35.
g3 b6 36. Rdd3 Bc6 37. Rde3 Rg4 38. Nd5+ Kd8 39. fxe6 fxe6 40. Nf4 Kd7 41. Rf1
Rgg8 42. Nxh5 Rh6 43. Nf4 f5 44. exf5 exf5 45. Bf3 Be4 46. Bxe4 fxe4 47. Nd5 Bd8
48. Nc3 Re6 49. Rf4 b5 50. Rfxe4 bxc4+ 51. Kxc4 1-0

[Event "Sardinia World Open A"]
[Site "Orosei ITA"]
[Date "2025.05.03"]
[Round "9.38"]
[White "Petcu, Gabriel"]
[Black "Di Fonzo, Valerio"]
[Result "1-0"]
[BlackTitle "CM"]
[WhiteElo "2063"]
[BlackElo "2123"]
[WhiteFideId "28548485"]
[BlackFideId "803499"]
[EventDate "2025.04.27"]

1. e4 d6 2. d4 Nf6 3. Nc3 e5 4. dxe5 dxe5 5. Qxd8+ Kxd8 6. Bc4 Bb4 7. f3 Ke7 8.
Ne2 c6 9. a3 Bc5 10. g4 h6 11. Ng3 g6 12. h4 Be6 13. Bxe6 fxe6 14. Na4 Bd6 15.
Be3 Na6 16. Ke2 b5 17. Nc3 Bc5 18. g5 hxg5 19. Bxg5 Kf7 20. Nd1 Nh5 21. Nxh5
gxh5 22. Nf2 Be7 23. Nd3 Bf6 24. Raf1 Raf8 25. f4 exf4 26. Rxf4 Kg7 27. Bxf6+
Rxf6 28. Rg1+ Rg6 29. Rxg6+ Kxg6 30. Ne5+ Kg7 31. Rf7+ Kg8 32. Rxa7 Nc5 33. Ke3
Na4 34. b3 Nc3 35. Nxc6 1-0

[Event "Sardinia World Open A"]
[Site "Orosei ITA"]
[Date "2025.05.03"]
[Round "9.39"]
[White "Rubinshtein, Kamilla"]
[Black "Pecci, William"]
[Result "0-1"]
[WhiteElo "2058"]
[BlackElo "2105"]
[WhiteFideId "2838708"]
[BlackFideId "2831940"]
[EventDate "2025.04.27"]

1. e4 e5 2. Nf3 Nc6 3. Bb5 a6 4. Ba4 Nf6 5. O-O b5 6. Bb3 Bc5 7. c3 d6 8. a4 Rb8
9. d4 Bb6 10. a5 Ba7 11. h3 Bb7 12. Be3 Nxe4 13. Re1 Ne7 14. dxe5 Bxe3 15. Rxe3
d5 16. Nbd2 Nc5 17. Bc2 Ne6 18. Nd4 c5 19. Nxe6 fxe6 20. Qg4 Kd7 21. Rd1 h5 22.
Qxg7 Rg8 23. Qh7 Rh8 24. Qf7 Qg8 25. Qxg8 Rbxg8 26. Ne4 Kc6 27. Nf6 Rg7 28. h4
Bc8 29. b4 Bd7 30. bxc5 Ng8 31. Nxg8 Rhxg8 32. g3 Kxc5 33. Kh2 Be8 34. Rd4 Bg6
35. Bd1 Rf8 36. Kg2 Be4+ 37. f3 Bf5 38. g4 Bg6 39. Kg3 Rgf7 40. Be2 Kc6 41. Bd1
Kc5 42. Re1 Bc2 43. Be2 Bg6 44. Rg1 Kc6 45. Rg2 Kd7 46. g5 Ke7 47. Rg1 Rc8 48.
Rc1 Kf8 49. Rf4 Rxf4 50. Kxf4 d4 51. Rd1 dxc3 52. Ke3 c2 53. Rc1 b4 54. Bxa6 b3
55. Bxc8 b2 56. Kd2 b1=Q 57. Bxe6 Qb4+ 58. Ke2 Qb2 59. Kd2 Qd4+ 0-1